00986cam a2200253 a 450000100060000000300080000600500170001400800410003103500190007203500110009104000270010204100130012908200240014210000400016624501580020626000320036430000560039650000470045250400510049965000330055094200120058399900170059595201200061275161BD-RjUL20211209082644.0851211s1953 enkaf b 001 0 eng d a(BD-RjUL)75379 a891275 aNUNbengcNUNdABN-SNR1 aengager04a551.8223bPEM 19531 aPenck, Walther,d1888-1923.922741710aMorphological analysis of land forms :ba contribution to physical geology /cby Walther Penck ; translated by Hella Czech and Katherine Cumming Boswell. aLondon :bMacmillan,c1953. axiv, 429 p., [9] leaves of plates :bill. ;c22 cm. aTranslation of Die morphologische Analyse. aIncludes bibliographical references and index. 0aGeology, Structural.9227418 2ddccBK c75161d75161 00102ddc40718NFICaRUCLbRUCLcReadingd2019-01-27l0o551.8 PEM 1953r2019-01-27 00:00:00tC-1w2019-01-27yBK